LDR 01041naa#a2200193#i#450# 001 RU\\bibl\119756 005 20260413210232.1 011 ## _a2308-8877 100 ## _a20260406b2026####ek#y0rusy0150####ca 102 ## _aRU 200 1# _aПРЕВЕНТИВНАЯ ЭКСПРЕСС-ОЦЕНКА УСТОЙЧИВОСТИ СОЦИАЛЬНО-ЭКОНОМИЧЕСКОГО РАЗВИТИЯ РЕГИОНОВ: СЕГМЕНТАЦИОННЫЙ ПОДХОД _eЖурнальная статья 210 1# _aВоронеж _cВоронежский государственный лесотехнический университет имени Г.Ф. Морозова _d2026 215 ## _a18 с. 608 ## _aЖурнальная статья _2local 675 ## _aЭкономика. Народное хозяйство. Экономические науки. 33 _z 700 #1 _aТретьякова _gЛариса Александровна 700 #1 _aЛаврикова _gН. И. 700 #1 _aАзарова _gНаталья Анатольевна 856 4# _aanni.editorum.ru _u